Historia de la iglesia y de las instituciones eclesiásticas: trabajos en homenaje a Ferran Valls i Taberner
Wedi'i Gadw mewn:
| Prif Awduron: | , , , , , , , , , , |
|---|---|
| Awduron Eraill: | |
| Fformat: | Llyfr |
| Iaith: | Sbaeneg |
| Cyhoeddwyd: |
Barcelona
Universidad de Málaga
1989
|
| Pynciau: | |
| Tagiau: |
Ychwanegu Tag
Dim Tagiau, Byddwch y cyntaf i dagio'r cofnod hwn!
|
MARC
| LEADER | 00000nam a2200000 a 4500 | ||
|---|---|---|---|
| 001 | UCV2844 | ||
| 003 | CL-VaPUC | ||
| 008 | 921201e19890000SP |||||||||||||||||spa|d | ||
| 082 | 0 | 4 | |a 270 |b PEL |2 21 |
| 100 | 0 | |a Peláez, Manuel J |e author |9 297097 | |
| 700 | 0 | |a Henclin, Jean |e author |9 297098 | |
| 700 | |a Pacaut, Marcel |e autor |9 297099 | ||
| 700 | 0 | |a Urban, Williams |e author |9 297100 | |
| 700 | 0 | |a Torok, Joseph |e author |9 297101 | |
| 700 | 0 | |a Burkiewicz, Agustyn |e author |9 297102 | |
| 700 | 0 | |a Alzati, Cesare |e author |9 297103 | |
| 700 | |a Huerga Teruelo, Álvaro |e author |9 522433 | ||
| 700 | 0 | |a Aimone, P. V |e author |9 297105 | |
| 700 | 0 | |a Mian, Franca |e author |9 297106 | |
| 700 | 0 | |a Gómez Pellín, Eloy |e author |9 297107 | |
| 700 | 0 | |a Ozinga, James R |e author |9 297108 | |
| 245 | 1 | 0 | |a Historia de la iglesia y de las instituciones eclesiásticas: trabajos en homenaje a Ferran Valls i Taberner |
| 300 | |a v | ||
| 942 | |c BK | ||
| 945 | |d 19921201 00:00:00 | ||
| 260 | |a Barcelona |b Universidad de Málaga |c 1989 | ||
| 650 | 7 | |a IGLESIA HISTORIA |2 CL-VaPUC |9 258372 | |
| 583 | |a last modification |c 20190801 09:27:42 |k Rodrigo Vera | ||
| 999 | |c 210312 |d 210310 | ||
| 952 | |0 0 |1 0 |4 0 |6 270_000000000000000_PEL_1989 |7 0 |8 DER_HDC |9 186449 |a BIBDER |b BIBDER |d 2019-11-14 |h v.10 |i 2539349 |o 270 PEL 1989 |p 2539349 |r 2023-01-25 |w 2019-11-14 |x Ubicación 4to Piso |y BK |z Estos recursos deben solicitarse con anticipación |k DER | ||